000
00227nam a22000977a 4500
003
OSt
008
210114b ||||| |||| 00| 0 eng d
100
_a
Mohammed, Kunju P. K
_9
4860
245
_a
Anweshanavum kandethalum
942
_c
BK
999
_c
16513
_d
16513